| 000 | 00790nam a2200301Ia 4500 | ||
|---|---|---|---|
| 001 | 10377 | ||
| 005 | 20240113235219.0 | ||
| 007 | ta | ||
| 008 | 050803s1955 g b000 u eng u | ||
| 020 | _cHB | ||
| 040 | _aCotton College,Assam | ||
| 041 | _aeng | ||
| 082 |
_a332.66 _bN 935 P |
||
| 100 | _aNurkse, R. . | ||
| 245 | 0 |
_aProblems of Capital Formation in Underdeveloped Countries / _cR. Nurkse. _hTextual Documents |
|
| 250 | _a4th ed. / | ||
| 260 |
_aOxford : _bBasil Blackwell , _c1955. |
||
| 300 |
_a163p. ; _c22cm. |
||
| 504 | _aIndex | ||
| 653 | _aEconomics | ||
| 653 | _aCapital Formation-Problems | ||
| 653 | _aUnderdeveloped Countries | ||
| 653 | _aCapital | ||
| 653 | _aMS-Economics | ||
| 942 |
_2ddc _cBK |
||
| 999 |
_c10364 _d10364 |
||